000 00408 a2200169 4500
001 002339
003 OSt
005 20220113165418.0
008
082 _a519.4
_bK88N
100 1 _aKress, Rainer
245 1 _aNumerical analysis
_cRainer Kress
260 _aNew York
_bSpringer
_c2010
300 _a326p.
653 _aNumerical analysis; Mathematics
942 _2ddc
_cBK
999 _c76
_d76